000
00324nam a2200133Ia 4500
008
210312s9999||||xx |||||||||||||| ||und||
041
_a
osm
050
_a
PL248
050
_b
K47.D58
100
_a
Kesriyeli Mehmed Sıdkı
245
0
_a
Dîvançe-i Şinâver
260
_c
1330
650
_a
Edebiyat--Türk edebiyatı--Şiir
999
_c
21995
_d
21995